| 000 | 00585nam a22001577a 4500 | ||
|---|---|---|---|
| 008 | 160528b xxu||||| |||| 00| 0 eng d | ||
| 082 |
_22005 _aUT 0033 _bC33 |
||
| 100 |
_99562 _aCerna, Charmie Lynn D. |
||
| 245 |
_aprofile of selected Education students in the University of Mindanao/ _cCharmie Lynn D. Cerna, Evelyn S. Torrenueva and Iris D. Bartoline. |
||
| 260 |
_aDigos City: _bUMDC _cMarch 2005. |
||
| 300 |
_a42 pages; _c27 cm. |
||
| 650 | 0 |
_99556 _aEducation _xUndergraduate thesis. |
|
| 700 |
_99553 _aTorrenueva, Evelyn S. |
||
| 700 |
_99555 _aBartoline, Iris D. |
||
| 942 |
_2ddc _cUT |
||
| 999 |
_c2875 _d2875 |
||